| 000 | 01062nam a2200265 a 4500 | ||
|---|---|---|---|
| 001 | 000021567 | ||
| 005 | 20250425102839.0 | ||
| 008 | 100909t1986 dr c 001 0 spa d | ||
| 040 |
_aDO-SdBNP _bspa _cBNPHU |
||
| 082 |
_a972.93054 _bB142e |
||
| 100 | 1 |
_aBáez Díaz, Tomás, _d1909-2006 _936059 |
|
| 245 | 1 | 0 |
_aEn las garras del terror / _cTomás Báez Díaz. |
| 260 |
_aSanto Domingo : _bTaller, _c1986. |
||
| 300 |
_a180 p. : _bretrs. ; _c20 cm. |
||
| 490 | 1 |
_aBiblioteca taller _v222 |
|
| 504 | _aIncluye bibliografía y notas al pie de páginas. | ||
| 505 | 0 |
_gIntroducción -- _tCárcel de "La Cuarenta" -- _tEl Nueve -- _tCamino a la cárcel de San Isidro -- _tEl Nueve, segunda parte -- _tCárcel de La Victoria -- _gEpílogo. |
|
| 650 | 4 |
_aPersecuciones políticas _zRepública Dominicana _928992 |
|
| 650 | 0 |
_aResistencia civil _944220 |
|
| 650 | 0 |
_aHomicidio político _931686 |
|
| 651 | 0 |
_aRepública Dominicana -- _xHistoria -- _y1961- _96572 |
|
| 830 | 0 |
_aBiblioteca taller _n222 _944938 |
|
| 910 | _aValidado. Control de calidad EMS. | ||
| 049 | _aBNPD | ||
| 999 |
_c21066 _d21066 |
||